[Event "181st open MGU"]
[Site "Sofia"]
[Date "2017.02.12"]
[Round "6.7"]
[White "Punchev, Ivan"]
[Black "Grabchev, Plamen"]
[Result "1-0"]
[WhiteElo "1736"]
[BlackElo "1378"]
[PlyCount "83"]
[EventDate "2017.02.11"]
[EventType "swiss"]
[EventRounds "6"]
[EventCountry "BUL"]

1. d4 Nf6 2. e3 e6 3. Bd3 d5 4. f4 a6 5. Nf3 Nbd7 6. O-O h5 7. Nbd2 h4 8. Ng5
g6 9. Ndf3 Ng4 10. h3 Nh6 11. Ne5 Nxe5 12. dxe5 c5 13. c3 b5 14. Bd2 d4 15. Qe1
f5 16. exf6 Qxf6 17. Ne4 Qd8 18. Ng5 Nf5 19. Rd1 c4 20. Bxf5 gxf5 21. exd4 Qd5
22. Qe5 Rh6 23. Qxd5 exd5 24. Rde1+ Kd7 25. Re5 Kc6 26. Rfe1 Bd7 27. R1e2 a5
28. Ne6 Bd6 29. R5e3 Re8 30. Ng5 Bxf4 31. Rxe8 Bxd2 32. Nf7 Rf6 33. Ne5+ Kd6
34. Nxd7 Kxd7 35. Ra8 Bf4 36. Rxa5 Rb6 37. a4 b4 38. Rxd5+ Bd6 39. cxb4 Rxb4
40. a5 c3 41. bxc3 Kc6 42. Rxd6+ 1-0